书目信息 |
| 题名: |
清儒得失论
|
|
| 作者: | 刘师培 著 | |
| 分册: | ||
| 出版信息: | 北京 中国人民大学出版社 2004 |
|
| 页数: | 290页 | |
| 开本: | 23cm | |
| 丛书名: | 朗朗书房 | |
| 单 册: | ||
| 中图分类: | B2-53 | |
| 科图分类: | ||
| 主题词: | 学术思想--思想评论--中国--文集 | |
| 电子资源: | ||
| ISBN: | 7-300-05883-3 | |
| 000 | 01386nam0 2200361 450 | |
| 000 | 01349nam0 2200349 450 | |
| 000 | 01347nam0 2200361 450 | |
| 000 | 01293nam0 2200337 450 | |
| 000 | 01289nam0 2200325 450 | |
| 000 | 01252nam0 2200313 45 | |
| 001 | TS-103542 | |
| 005 | 20061228145402.00 | |
| 010 | @a7-300-05883-3@dCNY19.80 | |
| 100 | @a20060829d2004 kemy0chiy0110 ea | |
| 101 | 0 | @achi |
| 102 | @aCN@b110000 | |
| 105 | @ay z 000yy | |
| 200 | 1 | @a清儒得失论@AQing Ru De Shi Lun@e刘师培论学杂稿@ELiu Shi Pei Lun Xue Za Gao@f[清]刘师培著@F[ Qing ] Liu Shi Pei Zhu |
| 210 | @a北京@c中国人民大学出版社@d2004 | |
| 215 | @a290页@d23cm | |
| 225 | 2 | @a朗朗书房@i国学基础文库 |
| 308 | @a丛书第一辑 | |
| 330 | @a本书辑有作者所作《清儒得失论》、《汉宋学术异同论》、《字义起于字音说》、《群经大义相通论》等评论古今学术思想和“小学”、经学、校释群书等方面的著述,从多个方面体现了他的学术思想和成就。 | |
| 410 | 0 | @12001 @a朗朗书房@i国学基础文库 |
| 517 | 1 | @a刘师培论学杂稿@ALiu Shi Pei Lun Xue Za Gao |
| 600 | 0 | @a刘师培@f(1884~1919)@j文集 |
| 606 | @a学术思想@x思想评论@y中国@x文集 | |
| 690 | @aB2-53@v4 | |
| 701 | 0 | @c(清)@a刘师培@ALiu Shi Pei@f(1884~1919)@4著 |
| 801 | 0 | @aCN@b中图数据@c20061228 |
| 905 | @a10447@dB2-53@e112 | |
| 清儒得失论:刘师培论学杂稿/[清]刘师培著.-北京:中国人民大学出版社,2004 |
| 290页;23cm.-(朗朗书房.国学基础文库) |
| ISBN 7-300-05883-3:CNY19.80 |
| 本书辑有作者所作《清儒得失论》、《汉宋学术异同论》、《字义起于字音说》、《群经大义相通论》等评论古今学术思想和“小学”、经学、校释群书等方面的著述,从多个方面体现了他的学术思想和成就。 |
| ● |
| 相关链接 |
|
|
|
|
正题名:清儒得失论
索取号:B2-53/112
 
预约/预借
| 序号 | 登录号 | 条形码 | 馆藏地/架位号 | 状态 | 备注 |
| 1 | 0603407 | 206034076 | 第一样本阅览室/ [索取号:B2-53/112] | 在馆 | |
| 2 | 0603408 | 206034085 | 第一借阅区/ [索取号:B2-53/112] | 在馆 | |
| 3 | 0603409 | 206034094 | 第一借阅区/ [索取号:B2-53/112] | 在馆 |